| 000 | 00914nas a2200277 4500 | ||
|---|---|---|---|
| 001 | BR0901604 | ||
| 003 | BR-BrBNA | ||
| 005 | 20231205112615.0 | ||
| 007 | ta | ||
| 008 | 230509b bl.|||p| |||| 00| 00por d | ||
| 040 |
_aBR-BrBNA _bpor _cBiblioteca Nacional de Agricultura |
||
| 041 | _a(Pt) | ||
| 072 | _aH10 | ||
| 100 | 1 | _aMilano, P. | |
| 100 | 1 | _aBerti Filho, E. | |
| 100 | 1 | _aParra, J.R.P. | |
| 100 | 1 | _aCarvalho, S.S. de | |
| 245 | 1 | _aAspectos biologicos e parasitismo de Hymenochaonia delicata Cresson (Hymenoptera: Braconidae)sobre Gymnandrosoma aurantianum Lima (Lepidoptera: Tortricidae)em laboratorio | |
| 650 | _aFRUTA CITRICA | ||
| 650 | _aHIMENOPTERO | ||
| 650 | _aLEPIDOPTERO | ||
| 650 | _aCONTROLE BIOLOGICO | ||
| 773 | 0 |
_tRevista de Agricultura (Brazil) _xISSN 0034-7655 _g(Jun 2008), v. 83(1) p. 19-27 _wBR0901604 |
|
| 909 |
_a202311 _bLúcia _c55 _dLúcia Elande |
||
| 942 |
_2AGRIS _n0 _cANA |
||
| 999 |
_c198926 _d198926 |
||